000 00772nam a2200205Ii 4500
003 JO-AjNU
008 230605s9999||||xx |||||||||||||| ||und||
040 _aJO-AjNU
_bara
_erda
_cJO-AjNU
041 _aara
050 1 4 _aPN241.B3496 2001
100 3 _aبكار، يوسف حسين,
_eauthor
_948808
245 0 0 _aالترجمة الأدبية إشكاليات ومزالق
250 _aط1
264 3 1 _aبيروت: المؤسسة العربية للدراسات والنشر، 2001 ؛ عمان: دار الفارس للنشر، 2001
300 _a170ص
336 _atext
_btxt
_2rdacontent
337 _aunmediated
_bn
_2rdamedia
338 _avolume
_bnc
_2rdacarrier
650 4 _aالأدب العربي - الترجمة الأدبية - إشكاليات
_948809
999 _aA21399
_c24967
_d24967